عقائد وتيارات فكرية معاصرة / (Record no. 14644)
[ view plain ]
| 000 -الفاتح | |
|---|---|
| حقل البيانات ثابتة الطول | 01617nam a22002897a 4500 |
| 008 - عناصر البيانات ثابتة الطول - معلومات عامة | |
| حقل البيانات ثابتة الطول | 100808t1993 xxu||||| |||| 00| 0 ara d |
| 082 ## - رقم تصنيف ديوى العشرى | |
| رقم الطبعة | 22 |
| رقم المادة | ش ا م |
| رقم التصنيف | 214.2 |
| 100 1# - المدخل الرئيسى - إسم شخصى | |
| 9 (RLIN) | 17268 |
| الإسم الشخصى | شامة، محمد |
| 245 ## - بيان العنوان | |
| العنوان | عقائد وتيارات فكرية معاصرة / |
| بيان المسئوليه,etc | محمد شامة، عدنان زرزور، محمد الجليند، بكر زكي عوض. |
| 260 ## - PUBLICATION, DISTRIBUTION, ETC. (IMPRINT) | |
| مكان الناشر او الموزع | قطر : |
| اسم الناشر او الموزع | دار قطري بن الفجاءة ، |
| تاريخ النشر أو التوزيع | 1993. |
| 300 ## - الوصف المادى | |
| التعداد | 395 ص : |
| أبعاد الوعاء | 24 سم. |
| 504 ## - تبصرة ببليوجرافية | |
| تبصرة ببليوجرافية,الخ | يحتوي علي ارجاعات ببليوجرافية |
| 541 ## - تبصرة المصدر المباشر للتزويد | |
| مصدر التزويد | ألف باء ؛ |
| طريقة التزويد | شراء ؛ |
| 650 0# - المدخل الاضافى بالموضوع-مصطلح موضوعى | |
| 9 (RLIN) | 17274 |
| مصطلح موضوعي أو اسم جغرافي كعنصر مدخل | الإسلام والديانات الأخرى |
| 650 0# - المدخل الاضافى بالموضوع-مصطلح موضوعى | |
| 9 (RLIN) | 11306 |
| مصطلح موضوعي أو اسم جغرافي كعنصر مدخل | الإسلام والمسيحية |
| 650 0# - المدخل الاضافى بالموضوع-مصطلح موضوعى | |
| 9 (RLIN) | 16855 |
| مصطلح موضوعي أو اسم جغرافي كعنصر مدخل | الإسلام و اليهودية |
| 650 0# - المدخل الاضافى بالموضوع-مصطلح موضوعى | |
| 9 (RLIN) | 8615 |
| مصطلح موضوعي أو اسم جغرافي كعنصر مدخل | القومية العربية. |
| 650 0# - المدخل الاضافى بالموضوع-مصطلح موضوعى | |
| 9 (RLIN) | 8609 |
| مصطلح موضوعي أو اسم جغرافي كعنصر مدخل | العلمانية |
| 650 0# - المدخل الاضافى بالموضوع-مصطلح موضوعى | |
| 9 (RLIN) | 13590 |
| مصطلح موضوعي أو اسم جغرافي كعنصر مدخل | الشيوعية |
| 700 1# - المدخل الاضافى - اسم شخصى | |
| 9 (RLIN) | 17269 |
| الإسم الشخصى | زرزور، عدنان |
| الدور | مؤلف |
| 700 1# - المدخل الاضافى - اسم شخصى | |
| 9 (RLIN) | 17270 |
| الإسم الشخصى | الجليند، محمد |
| الدور | مؤلف |
| 700 1# - المدخل الاضافى - اسم شخصى | |
| 9 (RLIN) | 17271 |
| الإسم الشخصى | عوض، بكر زكي |
| الدور | مؤلف |
| 710 ## - المدخل الاضافى - اسم هيئه | |
| 9 (RLIN) | 17272 |
| اسم الهيئة أو اسم السلطة كمدخل | جامعة قطر |
| وحده ملحقة | كلية الشريعة والدراسات الإسلامية|قسم الدعوة والثقافة الإسلامية |
| موقع المؤتمر | الدوحة |
| 942 ## - عناصر المدخل الإضافي( كوها) | |
| مصدر التصنيف او مخطط الترفيف | Dewey Decimal Classification |
| Koha [default] item type | Book - Borrowing |
| حالة التراجع | حالة الفقد | مصدر التصنيف او خطة الترفيف | حالة تلف | ليس للاعارة | مجموعات كوها | المكان الدائم | المكان الحالي | موقع الترفيف | تاريخ الاكتساب | Source of acquisition | رقم الاستدعاء | الباركود | Date last seen | نوع الوعاء |
|---|---|---|---|---|---|---|---|---|---|---|---|---|---|---|
| Dewey Decimal Classification | Alef-Baa | Central Library | Central Library | Lower Floor | 08/08/2010 | 214.2 ش ا م | 000021502 | 15/07/2025 | Book - Borrowing | |||||
| Dewey Decimal Classification | Alef-Baa | Central Library | Central Library | Lower Floor | 08/08/2010 | 214.2 ش ا م | 000021503 | 15/07/2025 | Book - Borrowing |